[Event "BCF-chT4S 1617 (4NCL)"]
[White "Chidipothu, Nikhil"]
[Black "Sloan, Hamish"]
[Site "England"]
[Round "10.207"]
[Result "0-1"]
[Date "2017.04.30"]
[WhiteElo "1435"]
[BlackElo "1505"]
[PlyCount "148"]
[EventDate "2016.11.26"]
[EventType "team-swiss"]
[EventRounds "11"]
[EventCountry "ENG"]
[SourceTitle "EXT 2019"]
[Source "ChessBase"]
[SourceDate "2018.10.10"]
[SourceVersion "1"]
[SourceVersionDate "2018.10.10"]
[SourceQuality "1"]
[WhiteTeam "Kent KJCA Kestrels"]
[BlackTeam "The Pitstop"]
[WhiteTeamCountry "ENG"]
[BlackTeamCountry "ENG"]

1. e4 c5 2. Nf3 d6 3. d4 cxd4 4. Nxd4 Nf6 5. Nc3 a6 6. Be3 e5 7. Nb3 Be6 8. Bd3 d5 9. exd5 Nxd5 10. Qd2 Nxc3 11. Qxc3 Nc6 12. 0-0 Bb4 13. Qe1 Bxe1 14. Rfxe1 0-0 15. Rad1 Qc7 16. Bd2 Rfe8 17. Re3 f6 18. Rg3 Bf7 19. Re1 Nd4 20. Re4 Nxb3 21. axb3 Re7 22. Rh4 g6 23. Rgh3 Be8 24. Rc4 Qd7 25. Bb4 Rg7 26. Be2 Rc8 27. Rd3 Qxd3 28. Bxd3 Rxc4 29. Bxc4+ Bf7 30. Bd3 Be6 31. f3 Rd7 32. Kf2 Rxd3 33. cxd3 Bxb3 34. Ke3 Kf7 35. d4 Ke6 36. dxe5 fxe5 37. Bc3 Kd5 38. f4 exf4+ 39. Kxf4 Bc2 40. Kg5 h5 41. g4 hxg4 42. Kxg4 b5 43. h4 Kc4 44. h5 Bd1+ 45. Kg5 gxh5 46. Kh4 b4 47. Bh8 a5 48. Bg7 a4 49. Bh8 a3 50. bxa3 bxa3 51. Bg7 Kb3 52. Bh8 a2 53. Bg7 Kc2 54. Bh8 Kb1 55. Be5 a1Q 56. Bxa1 Kxa1 57. Kg3 Kb2 58. Kh4 Kc2 59. Kg3 Kd2 60. Kh4 Ke3 61. Kg3 Bg4 62. Kh4 Kf3 63. Kg5 Kg3 64. Kf6 h4 65. Kg5 h3 66. Kf6 h2 67. Kg5 h1Q 68. Kf6 Qd5 69. Kg6 Qf5+ 70. Kh6 Qf6+ 71. Kh7 Bh5 72. Kg8 Bf7+ 73. Kf8 Bg6+ 74. Kg8 Qf7+ 0-1

[Event "BCF-chT4S 1617 (4NCL)"]
[White "Vallis, Nicholas J"]
[Black "Chidipothu, Nikhil"]
[Site "England"]
[Round "3.105"]
[Result "1-0"]
[Date "2017.01.14"]
[WhiteElo "1630"]
[BlackElo "1435"]
[PlyCount "150"]
[EventDate "2016.11.26"]
[EventType "team-swiss"]
[EventRounds "11"]
[EventCountry "ENG"]
[SourceTitle "EXT 2019"]
[Source "ChessBase"]
[SourceDate "2018.10.10"]
[SourceVersion "1"]
[SourceVersionDate "2018.10.10"]
[SourceQuality "1"]
[WhiteTeam "Sandhurst Cadets"]
[BlackTeam "Kent KJCA Kestrels"]
[WhiteTeamCountry "ENG"]
[BlackTeamCountry "ENG"]

1. c4 Nf6 2. Nc3 g6 3. g3 Bg7 4. Bg2 0-0 5. Nf3 d6 6. 0-0 c5 7. d3 Nc6 8. Bg5 Bd7 9. a3 Qc8 10. Rb1 a5 11. Qd2 Bh3 12. Na4 Bxg2 13. Kxg2 Qc7 14. Nc3 Rfe8 15. Bxf6 exf6 16. Nd5 Qd8 17. Rfe1 f5 18. b4 axb4 19. axb4 b6 20. Kg1 Nd4 21. Nxd4 Bxd4 22. e3 Bg7 23. Rb3 Ra6 24. Rd1 h6 25. Kf1 h5 26. h4 Ra8 27. Kg1 Rb8 28. Rdb1 Ra8 29. Qd1 Ra2 30. bxc5 bxc5 31. Rb7 Qa5 32. R7b5 Qd2 33. Qxd2 Rxd2 34. R5b3 Ra8 35. Rb8+ Rxb8 36. Rxb8+ Kh7 37. Rb3 Rb2 38. Rb5 Rd2 39. Rb3 Rb2 40. Rxb2 Bxb2 41. Nb6 Bg7 42. Nc8 Bf8 43. d4 cxd4 44. exd4 Kg7 45. Kg2 Kf6 46. Kf3 Ke6 47. Nb6 Bh6 48. Nd5 Kd7 49. Nf6+ Ke6 50. Nd5 Kd7 51. Nf6+ Ke6 52. Nd5 Kd7 53. Nf4 Bxf4 54. Kxf4 f6 55. Ke3 Kc7 56. Kd3 Kb7 57. f4 Kc6 58. Kc3 d5 59. Kb4 Kb6 60. c5+ Kc6 61. Ka5 Kb7 62. Kb5 Kc7 63. c6 Kb8 64. Kb6 Kc8 65. c7 Kd7 66. Kb7 Kd6 67. c8Q Ke7 68. Qc5+ Ke6 69. Kc7 Kf7 70. Qxd5+ Ke7 71. Qd7+ Kf8 72. Kd8 Kg8 73. Qe6+ Kg7 74. Qe7+ Kg8 75. Qxf6 g5 1-0

[Event "London Classic op U1825 8th"]
[White "Chidipothu, Nikhil"]
[Black "Melsom, Jonathan T"]
[Site "London"]
[Round "1"]
[Result "0-1"]
[Date "2016.12.09"]
[WhiteElo "1451"]
[BlackElo "1692"]
[PlyCount "112"]
[EventDate "2016.12.09"]
[EventType "swiss"]
[EventRounds "5"]
[EventCountry "ENG"]
[SourceTitle "EXT 2019"]
[Source "ChessBase"]
[SourceDate "2018.10.10"]
[SourceVersion "1"]
[SourceVersionDate "2018.10.10"]
[SourceQuality "1"]

1. e4 e5 2. Nf3 Nc6 3. Bc4 Bc5 4. Nc3 Nf6 5. 0-0 0-0 6. d3 h6 7. h3 a6 8. a3 d6 9. Kh1 Be6 10. Ba2 Ne7 11. Be3 Ng6 12. Bxc5 dxc5 13. Ne2 Qd7 14. Bxe6 Qxe6 15. Nd2 Nh5 16. Nd4 cxd4 17. Qxh5 f5 18. g3 f4 19. Rad1 Rf6 20. g4 f3 21. Rg1 Nf4 22. Qh4 g5 23. Qg3 Ne2 24. Qh2 Nxg1 25. Rxg1 Raf8 26. Nc4 Rf4 27. Qg3 b5 28. Nd2 R8f6 29. Nb3 Qc6 30. Na1 Rg6 31. Kh2 a5 32. h4 gxh4 33. Qxh4 Qf6 34. Qxf6 Rfxf6 35. Rg3 Rg5 36. Nb3 a4 37. Nd2 Rfg6 38. Nxf3 Rxg4 39. Nxe5 Rxg3 40. fxg3 Re6 41. Nf3 c5 42. Kg2 Kg7 43. Kh1 Kg6 44. Nh4+ Kg5 45. Nf5 Kg4 46. Kg2 h5 47. Kf2 Rb6 48. Ke2 b4 49. axb4 Rxb4 50. b3 a3 51. Kd2 a2 52. Ke2 a1Q 53. Kd2 Qc3+ 54. Kd1 Rb8 55. e5 Ra8 56. e6 Ra1+ 0-1